|
|
|
|
| LEADER |
00000naa a2200000uu 4500 |
| 001 |
vtls011085143 |
| 003 |
SK-MaSNL |
| 005 |
20260302105130.0 |
| 008 |
210910|1995 xo |||||||||||||||||slo| |
| 015 |
|
|
|a SNBRA
|
| 035 |
|
|
|a (urnnbn)urn:nbn:sk:snk:ar-a0cls4
|
| 035 |
|
|
|a (uuid)b15de445-c627-4356-b69a-f1595c70b488
|
| 035 |
|
|
|a urn:nbn:sk:snk-aavro1
|
| 040 |
|
|
|a SNKBUCL
|b slo
|c SNKBUCL
|e AACR2
|
| 041 |
0 |
|
|a slo
|
| 044 |
|
|
|a xo
|c SK
|
| 100 |
1 |
|
|a Hulla, Jozef,
|d 1940-
|4 aut
|9 109764
|
| 245 |
1 |
0 |
|a PRÚDENIE PODZEMNEJ VODY POD PREHRADENÍM DUNAJA V ČUŇOVE
|c Jozef HULLA, Ján ŠTEFANEK, Monika HULLOVÁ, Monika IVÁNYIOVÁ
|
| 700 |
1 |
|
|a Štefanek, Ján
|4 aut
|9 381944
|
| 700 |
1 |
|
|a Hullová, Monika,
|d 1974-
|4 aut
|9 203079
|
| 700 |
1 |
|
|a Iványiová, Monika
|4 aut
|9 782322
|
| 773 |
0 |
|
|t Dunaj - tepna Európy
|d Bratislava : T.R.T.MDIUM, 1995
|g S. 241-252
|
| 958 |
|
|
|a OND
|
| 958 |
|
|
|a article12
|
| 958 |
|
|
|a chapter
|
| 999 |
|
|
|c 1237484
|d 1239414
|